书目信息 |
| 题名: |
液体和固体的光致发光
|
|
| 作者: | В·Л·辽夫申 著 ;许少鸿 , 张志三 译 | |
| 分册: | ||
| 出版信息: | 北京 科学出版社 1958 |
|
| 页数: | 406页 | |
| 开本: | 26cm | |
| 丛书名: | ||
| 单 册: | ||
| 中图分类: | O482.3 | |
| 科图分类: | ||
| 主题词: | 固体物理学 | |
| 电子资源: | ||
| ISBN: | ||
| 000 | 00705nam0 2200217 450 | |
| 001 | 0657434766 | |
| 005 | 20061123160444.84 | |
| 010 | @dCNY4.00 | |
| 100 | @a20061123d1958 km y0chiy0120 ea | |
| 101 | 0 | @achi |
| 102 | @aCN@b110000 | |
| 200 | 1 | @a液体和固体的光致发光@Aye ti he gu ti de guang zhi fa guang@f(苏)В·Л·辽夫申著@F(su)В·Л·liao fu shen zhu@g许少鸿,张志三译@Gxu shao hong,zhang zhi san yi |
| 210 | @a北京@c科学出版社@d1958 | |
| 215 | @a406页@d26cm | |
| 606 | 0 | @a固体物理学 |
| 690 | @aO482.3@v3 | |
| 701 | 0 | @aВ·Л·辽夫申@AВ·Л·liao fu shen@4著 |
| 702 | 0 | @a许少鸿@Axu shao hong@4译 |
| 702 | 0 | @a张志三@Azhang zhi san@4译 |
| 801 | 0 | @aCN@bPFT@c20061123 |
| 905 | @a10447@dO482.3@e5 | |
| 液体和固体的光致发光/(苏)В·Л·辽夫申著/许少鸿,张志三译.-北京:科学出版社,1958 |
| 406页;26cm |
| ISBN :CNY4.00 |
| ● |
| 相关链接 |
|
|
|
|
正题名:液体和固体的光致发光
索取号:O482.3/5
 
预约/预借
| 序号 | 登录号 | 条形码 | 馆藏地/架位号 | 状态 | 备注 |
| 1 | 0009288 | 001452760 | 第二样本阅览室/ [索取号:O482.3/5] | 在馆 |